Statistics for Countries by last two letters - II

Click here to take the quiz!

General Stats

  • This quiz has been taken 49 times
    (26 since last reset)
  • The average score is 15 of 25

Answer Stats

*au% Correct
Djibouti
81%
Guinea
81%
Netherlands
81%
Paraguay
81%
Uruguay
81%
Belarus
75%
Marshall Islands
69%
Palau
69%
Solomon Islands
69%
Haiti
63%
Costa Rica
56%
Guinea-Bissau
56%
Jamaica
56%
Norway
56%
Dominica
50%
Equatorial Guinea
50%
Eritrea
50%
Kiribati
50%
North Korea
50%
South Africa
50%
South Korea
50%
Cyprus
44%
Papua New Guinea
44%
United States of America
31%
Mauritius
19%

Score Distribution

Percentile by Number Answered

Percent of People with Each Score

Your Score History

You have not taken this quiz since the last reset